WNBA All Time Assist Leaders - Statistics

General Stats
  • This quiz has been taken 20 times
    16 since last reset
  • The average score is 9 of 25
Answer Stats
Answer Assist Total % Correct
1 Sue Bird 3234
93%
4. Diana Taurasi 2394
86%
11. Skylar Diggins-Smith 1510
71%
23. Katie Smith 1258
64%
12. Tamika Catchings 1488
64%
6 Becky Hammon 1708
57%
7. Candace Parker 1634
57%
14. Alyssa Thomas 1462
43%
8. Chelsea Gray 1631
43%
2. Courtney Vandersloot 2849
43%
18. Jasmine Thomas 1356
36%
10. Natasha Cloud 1521
36%
3. Ticha Penicheiro 2600
36%
5. Lindsay Whalen 2345
29%
9. Cappie Pondexter 1578
21%
21. Dawn Staley 1337
21%
22. Kristi Toliver 1300
14%
15. Shannon Johnson 1424
14%
17. Temeka Johnson 1382
14%
20. Teresa Weatherspoon 1338
14%
24. Vickie Johnson 1205
14%
19. Briann January 1339
7%
13. Danielle Robinson 1479
7%
25. Leilani Mitchell 1197
7%
16. Tanisha Wright 1422
7%
No matching quizzes found
Score Distribution
Percent of People with Each Score
Percentile by Number Answered
Your Score History
You have not taken this quiz since the last reset